Electronic measurements and testing : tips and techniques for technicians and engineers / Eugene R. Bartlett
| Main Author: | Bartlett, Eugene R. |
|---|---|
| Format: | MONOGRAPHS |
| Language: | English |
| Published: |
New York : McGraw-Hill, 1992 |
| Subjects: |
Electric measurements.
Electric testing. Telecommunication cables. |
| Tags: |
Add
No Tags, Be the first to tag this record!
|
| LEADER | 00875nam a2200217 a 4500 | ||
|---|---|---|---|
| 001 | 0009753 | ||
| 003 | Th-MUT | ||
| 008 | 181106s9999 xx 000 0 eng d | ||
| 020 | |a 0070039623 |c 1049 | ||
| 040 | |a DLC |c MUT | ||
| 050 | 4 | |a TK401 |b B32E44 | |
| 100 | 1 | |a Bartlett, Eugene R. | |
| 245 | 1 | 0 | |a Electronic measurements and testing : tips and techniques for technicians and engineers |b / |c Eugene R. Bartlett |
| 260 | |a New York : |b McGraw-Hill, |c 1992 | ||
| 300 | |a x, 310 p. : |b charts ; |c 22 cm. | ||
| 500 | |a Includes index. | ||
| 504 | |a Bibliography: p 301-304. | ||
| 650 | 0 | |a Electric measurements. | |
| 650 | 0 | |a Electric testing. | |
| 650 | 0 | |a Telecommunication cables. | |
| 991 | |a MONOGRAPHS |b 4 |c 2018-11-07 00:00:35 |d 2021-10-27 14:39:14 |e mut |f n |g null |h n |i a |j m |k |l a |m |n a |o |p b |q |r nyu |s eng |t 1992 |v Electronic measurements and testing : tips and techniques for technicians and engineers / | ||
